000 00656nam a2200229Ia 4500
003 OSt
005 20221005133709.0
006 a|||||r|||| 00| 0
007 ta
008 221004b |||||||| |||| 00| 0 pan d
024 _a27773
037 _cTextual
040 _aCRL
_cCRL
_bpan
041 _2pan
_apan
082 _aV1:1.N5, 153J4
100 _aਵੈਲਗ਼, ਐਚ. ਜੀ.
245 0 _aਸੰਸਾਰ ਦਾ ਸੰਖੇਪ ਇਤਿਹਾਸ
260 _c1954
650 _aਭਾਰਤੀਯ ਇਤਿਹਾਸ
942 _hV1:1.N5, 153J4
_cTEXL
_2cc
999 _c1067595
_d1067595